| 000 | 01902cam a22003858i 4500 | ||
|---|---|---|---|
| 005 | 20260322212031.0 | ||
| 008 | data | ||
| 010 | _a 2013025618 | ||
| 020 | _a9780316098861 (hardback) | ||
| 020 | _a9780316098854 (large print) | ||
| 020 | _a0316098868 | ||
| 040 |
_aDLC _beng _cDLC _erda |
||
| 042 | _apcc | ||
| 050 | 0 | 0 |
_aPS3569.H7385 _bS57 2013 |
| 082 | 0 | 0 |
_a813/.54 _223 |
| 084 |
_aFIC019000 _aFIC019000 _2bisacsh |
||
| 099 | _aSHREVA | ||
| 100 | 1 | _aShreve, Anita. | |
| 245 | 1 | 0 |
_aStella Bain / _cAnita Shreve. |
| 250 | _aFirst Edition. | ||
| 260 |
_aNew York : _bLittle, Brown and Company, _c2013. |
||
| 263 | _a1311 | ||
| 264 | 1 |
_aNew York : _bLittle, Brown and Company, _c2013. |
|
| 300 |
_a265 p. : _bcm. |
||
| 336 |
_atext _2rdacontent |
||
| 337 |
_aunmediated _2rdamedia |
||
| 338 |
_avolume _2rdacarrier |
||
| 520 |
_a"An epic story, set against the backdrop of World War I, from bestselling author Anita Shreve. When an American woman, Stella Bain, is found suffering from severe shell shock in an exclusive garden in London, surgeon August Bridge and his wife selflessly agree to take her in. A gesture of goodwill turns into something more as Bridge quickly develops a clinical interest in his houseguest. Stella had been working as a nurse's aide near the front, but she can't remember anything prior to four months earlier when she was found wounded on a French battlefield. In a narrative that takes us from London to America and back again, Shreve has created an engrossing and wrenching tale about love and the meaning of memory, set against the haunting backdrop of a war that destroyed an entire generation. "-- _cProvided by publisher. |
||
| 650 | 0 |
_aWorld War, 1939-1945 _vFiction. |
|
| 650 | 0 |
_aWar neuroses _vFiction. |
|
| 650 | 7 |
_aFICTION / Historical. _2bisacsh |
|
| 650 | 7 |
_aFICTION / Literary. _2bisacsh |
|
| 655 | 7 |
_aHistorical fiction. _2gsafd |
|
| 001 | data | ||
| 999 |
_c719 _d719 |
||